I recognize that actor... But what's their name? #2 - Statistics

General Stats
  • This quiz has been taken 18 times
  • The average score is 2 of 16
Answer Stats
Picture Answer % Correct
Judy Greer
47%
Sam Richardson
47%
D'Arcy Carden
24%
Matt Walsh
24%
Wendie Malick
24%
Karan Soni
18%
Marc Evan Jackson
18%
Gary Anthony Williams
6%
Maria Bamford
6%
Chris Bauer
0%
Chris Diamantopoulos
0%
Eugene Cordero
0%
Jon Glaser
0%
Mike O'Malley
0%
Toby Huss
0%
Will Greenberg
0%
No matching quizzes found
Score Distribution
Percent of People with Each Score
Percentile by Number Answered
Your Score History
You have not taken this quiz